000
00312nam a22001337a 4500
008
230627b xxu||||| |||| 00| 0 eng d
020
_a
0230500587
082
_a
333.91
_b
UNDP
100
_c
UNDP
245
_a
Human Development Report 2006
_b
Beyond Scarcity
260
_c
2006
300
_a
422p
942
_2
ddc
_c
BK
999
_c
2856
_d
2856